[Event "USCL Week 7"]
[Site "?"]
[Date "2013.10.09"]
[Round "?"]
[White "Schroer, Jonathan"]
[Black "Benjamin, Joel"]
[Result "1/2-1/2"]
[WhiteElo "2432"]
[BlackElo "2640"]
[PlyCount "143"]
[EventDate "2013.??.??"]

1. d4 d5 2. c4 Nc6 3. cxd5 Qxd5 4. e3 e5 5. Nc3 Bb4 6. Bd2 Bxc3 7. Bxc3 exd4 8.
Ne2 Nf6 9. Nxd4 O-O 10. Be2 Qxg2 11. Bf3 Qg6 12. Nxc6 bxc6 13. Bxc6 Rb8 14. Qf3
Bg4 15. Qf4 Rb6 16. Bg2 Qd3 17. Bf1 Qc2 18. Rg1 h5 19. f3 Nd5 20. Qe4 Qxe4 21.
fxe4 Nxc3 22. bxc3 Re8 23. Bd3 Rb2 24. h4 Rh2 25. Rb1 Rxa2 26. Rf1 Be6 27. Rf2
Rd8 28. Bf1 Rxf2 29. Kxf2 Rd2+ 30. Kf3 a5 31. Rb7 Rd1 32. Kf2 a4 33. Ra7 Bb3
34. Bb5 Rc1 35. Bxa4 Bxa4 36. Rxa4 Rxc3 37. Ra8+ Kh7 38. Kf3 Kg6 39. Kf4 Kf6
40. Re8 Rc4 41. Kf3 Rc6 42. Kf4 Re6 43. e5+ Kg6 44. Rc8 Rc6 45. Ra8 Rc4+ 46. e4
Rc3 47. Ra6+ c6 48. Rb6 Kh6 49. Rb7 Rh3 50. Rxf7 Rxh4+ 51. Kf5 g6+ 52. Kf6 Rf4+
53. Ke7 Rxe4 54. e6 h4 55. Rf8 g5 56. Kf6 Rf4+ 57. Ke7 Re4 58. Kd6 g4 59. e7
Rxe7 60. Kxe7 Kg5 61. Ke6 h3 62. Ke5 h2 63. Rg8+ Kh4 64. Kf4 Kh3 65. Rh8+ Kg2
66. Kxg4 h1=Q 67. Rxh1 Kxh1 68. Kf3 c5 69. Ke4 c4 70. Kd4 c3 71. Kd3 c2 72.
Kxc2 1/2-1/2

[Event "USCL Week 7"]
[Site "?"]
[Date "2013.10.09"]
[Round "?"]
[White "Gulko, Boris"]
[Black "Cunningham, Robin"]
[Result "1-0"]
[WhiteElo "2591"]
[BlackElo "2225"]
[PlyCount "75"]
[EventDate "2013.??.??"]

1. d4 d5 2. c4 e6 3. Nc3 c5 4. cxd5 exd5 5. Nf3 Nc6 6. g3 Nf6 7. Bg2 Be7 8. O-O
O-O 9. Bf4 c4 10. Ne5 Bf5 11. f3 Qb6 12. e4 Be6 13. Nxc6 bxc6 14. Qd2 Rfd8 15.
e5 Nd7 16. Be3 Rab8 17. f4 f5 18. b3 cxb3 19. axb3 a5 20. Rfc1 Bb4 21. Qd3 Rdc8
22. Rc2 g6 23. Rac1 Ba3 24. Nxd5 Qb5 25. Qxb5 Rxb5 26. Ra1 Rxb3 27. Rxa3 Rxa3
28. Ne7+ Kf7 29. Nxc8 Rxe3 30. Bxc6 Bb3 31. Kf2 Rd3 32. Bxd7 Bxc2 33. e6+ Kf6
34. e7 Rd2+ 35. Ke3 Rd1 36. e8=Q Re1+ 37. Kd2 Rxe8 38. Bxe8 1-0

[Event "USCL Week 7"]
[Site "?"]
[Date "2013.10.09"]
[Round "?"]
[White "Jones, Craig"]
[Black "Kapengut, Albert"]
[Result "1/2-1/2"]
[WhiteElo "2251"]
[BlackElo "2363"]
[PlyCount "47"]
[EventDate "2013.??.??"]

1. Nf3 c5 2. c4 Nf6 3. e3 g6 4. b3 Bg7 5. Bb2 O-O 6. Nc3 b6 7. Be2 Bb7 8. O-O
d5 9. Nxd5 Nxd5 10. Bxg7 Kxg7 11. cxd5 Qxd5 12. d4 cxd4 13. Qxd4+ Qxd4 14. Nxd4
Nd7 15. Rac1 Rfc8 16. Rfd1 Nc5 17. Bg4 f5 18. Bf3 Be4 19. Bxe4 Nxe4 20. Ne6+
Kf7 21. Nc7 Rab8 22. f3 Nc5 23. Nd5 a5 24. Kf1 1/2-1/2

[Event "USCL Week 7"]
[Site "?"]
[Date "2013.10.09"]
[Round "?"]
[White "Manuelian, Haik der"]
[Black "Agner, Carlito"]
[Result "1/2-1/2"]
[WhiteElo "2032"]
[BlackElo "2227"]
[PlyCount "140"]
[EventDate "2013.??.??"]

1. e4 d6 2. d4 Nf6 3. Nc3 g6 4. Nf3 Bg7 5. h3 c6 6. Bd3 O-O 7. O-O Nbd7 8. a4
e5 9. Be3 Re8 10. dxe5 dxe5 11. a5 Qe7 12. Qd2 Nc5 13. Rfb1 Rd8 14. Qe2 Nh5 15.
Bc4 Ne6 16. Bxe6 Bxe6 17. b4 Nf4 18. Qf1 f5 19. Kh2 g5 20. Bc5 Qf6 21. g3 g4
22. Ng1 Ng6 23. Rd1 Bh6 24. Rxd8+ Rxd8 25. Rd1 a6 26. Bb6 Rf8 27. Rd6 f4 28.
Qd3 Qf7 29. Na4 fxg3+ 30. fxg3 gxh3 31. Rd8 Bc4 32. Qf3 Rxd8 33. Qxf7+ Kxf7 34.
Bxd8 Bd2 35. Nc5 Bxb4 36. Nxb7 Ba2 37. Nxh3 h6 38. Bb6 Be7 39. Bc5 Bb1 40. Bxe7
Nxe7 41. Nc5 Bxc2 42. Nxa6 Bxe4 43. Nc5 Bd5 44. Nf2 h5 45. Kh3 Kf6 46. a6 Nc8
47. Kh4 Bf3 48. Nfd3 e4 49. Nf4 Ke5 50. Nb7 e3 51. Nc5 Kd4 52. Ncd3 c5 53. Ne1
Be4 54. Kxh5 Kc3 55. g4 Kd2 56. Nfg2 c4 57. g5 c3 58. g6 e2 59. g7 Bd5 60. Kh6
c2 61. Nxc2 Kxc2 62. Ne3+ Kd2 63. Nxd5 e1=Q 64. g8=Q Qh1+ 65. Kg7 Qg2+ 66. Kf8
Qf1+ 67. Ke8 Qxa6 68. Qg2+ Qe2+ 69. Ne3 Kxe3 70. Qxe2+ Kxe2 1/2-1/2